Southville International School and Colleges
Your cart is empty.
  • Cart
  • Lists
    Public lists Eva Luna New books Lux_list list_1
    Your lists Log in to create your own lists
  • Log in to your account
  • Your cookies
  • Search history
Southville International School and Colleges
  • Advanced search
  • Recent comments
  • Most popular
  • Libraries

Log in to your account

Log in with GOOGLE


If you do not have an external account, but do have a local account, you can still log in:

  1. Home
  2. MARC view: The camera assistant's manual /
Normal view MARC view ISBD view

The camera assistant's manual / (Record no. 39404)

[ view plain ]
MARC details
000 -LEADER
fixed length control field 00538nam a2200193 a 4500
005 - DATE AND TIME OF LATEST TRANSACTION
control field 20140311163014.0
008 - FIXED-LENGTH DATA ELEMENTS--GENERAL INFORMATION
fixed length control field 060922s19uu xx 00 eng d
020 ## - INTERNATIONAL STANDARD BOOK NUMBER
International Standard Book Number 0240805585
050 ## - LIBRARY OF CONGRESS CALL NUMBER
Classification number TR 850
Item number .El37 2005
100 ## - MAIN ENTRY--PERSONAL NAME
Personal name Elkins, David E.
245 ## - TITLE STATEMENT
Title The camera assistant's manual /
Statement of responsibility, etc David E. Elkins.
250 ## - EDITION STATEMENT
Edition statement 4th ed.
260 ## - PUBLICATION, DISTRIBUTION, ETC. (IMPRINT)
Place of publication, distribution, etc Amsterdam :
Name of publisher, distributor, etc Elseviere,
Date of publication, distribution, etc 2005.
300 ## - PHYSICAL DESCRIPTION
Extent 488 p. :
Other physical details ill. ;
Dimensions 23 cm.
521 ## - TARGET AUDIENCE NOTE
Target audience note
650 ## - SUBJECT ADDED ENTRY--TOPICAL TERM
Topical term or geographic name as entry element Cinematography
General subdivision Handbooks, manuals, etc.
942 ## - ADDED ENTRY ELEMENTS (KOHA)
Koha item type Books
Source of classification or shelving scheme Library of Congress Classification
Call number prefix Foreign
Holdings
Withdrawn status Lost status Source of classification or shelving scheme Damaged status Home library Current library Shelving location Date acquired Total Checkouts Full call number Barcode Date last seen Copy number Price effective from Koha item type
    Library of Congress Classification   College Library College Library General Circulation Section 04/06/2010   TR 850 .El37 2005 C7724 05/15/2018 1 02/19/2014 Books

The camera assistant's manual /

APA

Elkins D. E., . (2005). The camera assistant's manual. Amsterdam: Elseviere.

Chicago

Elkins David E, . 2005. The camera assistant's manual. Amsterdam: Elseviere.

Harvard

Elkins D. E., . (2005). The camera assistant's manual. Amsterdam: Elseviere.

MLA

Elkins David E, . The camera assistant's manual. Amsterdam: Elseviere. 2005.

  • Place hold
  • Print
  • Cite
  • Add to your cart (remove)
  • Save record
    BIBTEX Dublin Core MARCXML MARC (non-Unicode/MARC-8) MARC (Unicode/UTF-8) MARC (Unicode/UTF-8, Standard) MODS (XML) RIS
  • More searches
    Search for this title in:
    Other Libraries (WorldCat) Other Databases (Google Scholar) Online Stores (Bookfinder.com) Open Library (openlibrary.org)

Exporting to Dublin Core...

SOUTHVILLE LIBRARY

Southville International School and Colleges Library

1281 Tropical Ave. Cor. Luxembourg St., BF Homes International, Las Pinas City

Tel. No. 8256374 / 252358 Loc. 117/146

Powered by Koha